Komanditná spoločnosť - zmiešaný typ obchodnej spoločnosti
Právna podstata komanditnej spoločnosti, medzi podnikateľmi zriedkavejšej formy obchodnej spoločnosti. Komanditná spoločnosť ako právnická osoba. Komanditná spoločnosť ako zmiešaná spoločnosť. Dva druhy spoločníkov. Založenie spoločnosti. Obchodné vedenie spoločnosti. Rozdelenie zisku. Zdanenie príj...
Gespeichert in:
| 1. Verfasser: | |
|---|---|
| Format: | Buchkapitel |
| Sprache: | Slowakisch |
| Schlagworte: | |
| Tags: |
Keine Tags, Fügen Sie das erste Tag hinzu!
|
MARC
| LEADER | 00000naa a2200000 4500 | ||
|---|---|---|---|
| 001 | r027255 | ||
| 005 | 20230919071210.4 | ||
| 041 | 0 | |a slo | |
| 044 | |a SK | ||
| 245 | 1 | 0 | |a Komanditná spoločnosť - zmiešaný typ obchodnej spoločnosti |c Anna Feketeová |
| 520 | |a Právna podstata komanditnej spoločnosti, medzi podnikateľmi zriedkavejšej formy obchodnej spoločnosti. Komanditná spoločnosť ako právnická osoba. Komanditná spoločnosť ako zmiešaná spoločnosť. Dva druhy spoločníkov. Založenie spoločnosti. Obchodné vedenie spoločnosti. Rozdelenie zisku. Zdanenie príjmov. Zrušenie spoločnosti. Právo spoločníka na vyporiadanie. Vzor spoločenskej zmluvy o založení spoločnosti. Návrh na zápis spoločnosti do obchodného registra. | ||
| 610 | 2 | 0 | |a spoločnosti komanditné |
| 610 | 2 | 0 | |a osoby právnické |
| 610 | 2 | 0 | |a spoločnosti obchodné |
| 610 | 2 | 0 | |a register obchodný |
| 610 | 2 | 0 | |a spoločníci |
| 610 | 2 | 0 | |a rozdeľovanie zisku |
| 610 | 2 | 0 | |a zmluvy spoločenské |
| 100 | 1 | |a Feketeová, Anna | |